| 000 | 00849nam a22002777a 4500 | ||
|---|---|---|---|
| 001 | 0000793 | ||
| 003 | KOHA_MİRAKIL | ||
| 005 | 20260207001220.0 | ||
| 007 | ta | ||
| 008 | 081212b tu |||gr||||#0|||0|tur | | ||
| 020 | _cYTL16,690000000000001 | ||
| 040 |
_aTR-BiSEU _btur _cTR-BiSEU _erda |
||
| 041 | 0 | _atur | |
| 044 | _ctu | ||
| 050 |
_aTJ230 _b.H35 [t.y.] |
||
| 100 | 1 | _aHall, Allen S.. | |
| 245 | 1 |
_aSchaum's outline series teori ve problemlerle makina dizaynı/ _cAllen S. Hall, Alfred R Holowenko, Herman G Laughlin. |
|
| 264 | 1 |
_aİstanbul : _bBilim Teknik Kitabevi _c[t.y.] |
|
| 300 | _a334 sayfa | ||
| 336 |
_ametin _btxt _2rdacontent |
||
| 337 |
_aaracısız _bn _2rdamedia |
||
| 338 |
_acilt _bnc _2rdacarrier |
||
| 650 | 0 |
_aMakina Tasarım--Problemler, Alıştırmalar vb. _93314 |
|
| 907 | _aDers Kitabı | ||
| 942 |
_2lcc _cBK |
||
| 999 |
_c790 _d790 |
||